003860000a2200073000450024500410000030000490004152001730009077300490026310aEl primer semestre, un reto superior aVol.0, núm.7 (Diciembre, 2006), Página 9 aEl ingreso a la educación superior confronta al estudiante con una nueva realidad, que las instituciones de educación superior deben ayudar a comprender y afrontar.0 tEducación superior : Boletín informativo